Vista normal
Vista MARC
Entrada Materia (personas)
Número de registros utilizados en: 1
001 - CONTROL NUMBER
- control field: 187487
003 - CONTROL NUMBER IDENTIFIER
- control field: Co-BoUCM
005 - DATE AND TIME OF LATEST TRANSACTION
- control field: 20251201145435.0
008 - FIXED-LENGTH DATA ELEMENTS
- fixed length control field: 251201|| aca||aabn | a|a d
040 ## - CATALOGING SOURCE
- Original cataloging agency: Co-BoUCM
- Transcribing agency: Co-BoUCM
100 ## - HEADING--PERSONAL NAME
- Personal name: Calle, Benjamín de la
- Dates associated with a name: 1869-1934
670 ## - SOURCE DATA FOUND
- Source citation: Work cat.: (Co-BoUCM): Solano Roa, Juanita 187486, Negative originals, 2025